[Event "Sitges Sunway op 9th"]
[Site "Sitges"]
[Date "2022.12.15"]
[Round "4"]
[White "Enkhtuul, Altanulzii"]
[Black "Boixader Arbo, Xavier"]
[Result "1-0"]
[WhiteElo "2285"]
[BlackElo "2039"]
[PlyCount "73"]
[EventDate "2022.12.12"]
[EventType "swiss"]
[EventRounds "10"]
[EventCountry "ESP"]
[SourceTitle "CBM 211 Extra"]
[Source "ChessBase"]
[SourceDate "2023.01.31"]
[SourceVersion "1"]
[SourceVersionDate "2023.01.31"]
[SourceQuality "1"]

1. d4 Nf6 2. Bf4 g6 3. Nc3 d5 4. e3 Bg7 5. h4 h5 6. Nf3 0-0 7. Be2 c5 8. Qd2 cxd4 9. exd4 Nc6 10. Ne5 Qb6 11. Nxc6 Qxc6 12. 0-0 Bf5 13. Be5 a6 14. Bf3 Rfd8 15. Rac1 Rac8 16. a3 b5 17. Na2 Ne4 18. Bxe4 dxe4 19. Nb4 Qb6 20. Bxg7 Kxg7 21. c3 e5 22. Nc2 exd4 23. Nxd4 Qf6 24. Qf4 Rc4 25. Rcd1 Re8 26. Rde1 Re5 27. Re3 Rd5 28. Rfe1 Kh7 29. Rxe4 Kg7 30. Re8 Rcxd4 31. cxd4 Rxd4 32. Qb8 Qxh4 33. Rg8+ Kh6 34. Qf8+ Kg5 35. g3 Rg4 36. Qe7+ f6 37. f4+ 1-0

[Event "Barcelona CC FIDE April"]
[Site "Barcelona"]
[Date "2021.05.22"]
[Round "5"]
[White "Saez Coma, Alejandro"]
[Black "Boixader Arbo, Xavier"]
[Result "1-0"]
[WhiteElo "2157"]
[BlackElo "2093"]
[PlyCount "139"]
[EventDate "2021.04.24"]
[EventType "tourn"]
[EventRounds "9"]
[EventCountry "ESP"]
[SourceTitle "EXT 2022"]
[Source "ChessBase"]
[SourceDate "2021.10.06"]
[SourceVersion "1"]
[SourceVersionDate "2021.10.06"]
[SourceQuality "1"]

1. d4 Nf6 2. Nf3 g6 3. Bf4 Bg7 4. e3 0-0 5. Be2 d6 6. 0-0 Nbd7 7. h3 Qe8 8. c4 e5 9. Bh2 Qe7 10. Nc3 e4 11. Nd2 Re8 12. b4 b6 13. Ndxe4 Nxe4 14. Nxe4 d5 15. Nc3 Bb7 16. Nxd5 Bxd5 17. cxd5 Nf6 18. Qb3 Red8 19. Bf3 Ne4 20. Qc2 f5 21. Bxe4 fxe4 22. Qxc7 Qxc7 23. Bxc7 Rxd5 24. Rac1 a5 25. bxa5 Rdxa5 26. Rc2 Rxa2 27. Rxa2 Rxa2 28. Bxb6 Rd2 29. Rc1 Bf6 30. Kf1 h5 31. Ke1 Rb2 32. Bc7 Kf7 33. Rd1 Ke7 34. Rd2 Rb1+ 35. Ke2 Kd7 36. Rc2 Be7 37. f3 exf3+ 38. Kxf3 Rf1+ 39. Ke4 Rb1 40. Bf4 Rb4 41. Rc7+ Ke6 42. Rc6+ Kf7 43. Bd6 Bxd6 44. Rxd6 Rb2 45. Kf3 Rb3 46. Ra6 Rd3 47. g3 Rd1 48. Ra5 Kf6 49. h4 Rf1+ 50. Ke2 Rg1 51. Rg5 Ra1 52. e4 Ra3 53. Kf2 Rd3 54. d5 Kf7 55. Ke2 Rd4 56. Ke3 Rd1 57. Re5 Rg1 58. Kf2 Rd1 59. Re6 Rd3 60. Kg2 Rd4 61. Kf3 Rd1 62. Rc6 Rf1+ 63. Ke3 Rd1 64. Kf4 Rd3 65. Rc7+ Kf8 66. Ke5 Rxg3 67. d6 Rd3 68. Ke6 Rd4 69. e5 Rxh4 70. d7 1-0

[Event "Barcelona CC FIDE April"]
[Site "Barcelona"]
[Date "2021.05.08"]
[Round "3"]
[White "Fernandez Aguilar, Francisco"]
[Black "Boixader Arbo, Xavier"]
[Result "1-0"]
[WhiteElo "2186"]
[BlackElo "2093"]
[PlyCount "51"]
[EventDate "2021.04.24"]
[EventType "tourn"]
[EventRounds "9"]
[EventCountry "ESP"]
[SourceTitle "EXT 2022"]
[Source "ChessBase"]
[SourceDate "2021.10.06"]
[SourceVersion "1"]
[SourceVersionDate "2021.10.06"]
[SourceQuality "1"]

1. Nf3 e6 2. g3 Nf6 3. Bg2 d5 4. 0-0 Be7 5. d4 0-0 6. c4 Nbd7 7. Qc2 c6 8. Nbd2 b6 9. e4 dxe4 10. Nxe4 Bb7 11. Rd1 Nxe4 12. Qxe4 Qc7 13. Bf4 Bd6 14. Bxd6 Qxd6 15. c5 Qc7 16. Ne5 Nxe5 17. dxe5 bxc5 18. Rd6 Rfd8 19. Rad1 Qb6 20. Qh4 Rxd6 21. exd6 g6 22. Qe7 Rd8 23. Rd3 Ba6 24. Rf3 Rf8 25. d7 Qd8 26. Rxf7 1-0

[Event "Barcelona CM 02"]
[Site "Barcelona"]
[Date "2021.02.14"]
[Round "8"]
[White "Boixader Arbo, Xavier"]
[Black "Villar Reymundo, Juan Antonio"]
[Result "1/2-1/2"]
[WhiteElo "2081"]
[BlackElo "2145"]
[PlyCount "34"]
[EventDate "2021.02.07"]
[EventType "tourn"]
[EventRounds "9"]
[EventCountry "ESP"]
[SourceTitle "EXT 2022"]
[Source "ChessBase"]
[SourceDate "2021.10.06"]
[SourceVersion "1"]
[SourceVersionDate "2021.10.06"]
[SourceQuality "1"]

1. d4 f5 2. Nf3 Nf6 3. c4 g6 4. Nc3 Bg7 5. g3 d6 6. Bg2 0-0 7. 0-0 c6 8. Re1 Qe8 9. Qb3 Kh8 10. d5 Na6 11. Be3 c5 12. a3 h6 13. h4 Nh5 14. Bf4 Nc7 15. e3 Rb8 16. a4 Kh7 17. a5 Bd7 1/2-1/2

[Event "Barcelona CM 02"]
[Site "Barcelona"]
[Date "2021.02.13"]
[Round "7"]
[White "Brugarolas Manzaneque, Carlos"]
[Black "Boixader Arbo, Xavier"]
[Result "0-1"]
[WhiteElo "1948"]
[BlackElo "2081"]
[PlyCount "60"]
[EventDate "2021.02.07"]
[EventType "tourn"]
[EventRounds "9"]
[EventCountry "ESP"]
[SourceTitle "EXT 2022"]
[Source "ChessBase"]
[SourceDate "2021.10.06"]
[SourceVersion "1"]
[SourceVersionDate "2021.10.06"]
[SourceQuality "1"]

1. e4 e6 2. d4 d5 3. exd5 exd5 4. Nf3 Bd6 5. Bd3 Nc6 6. c3 Nge7 7. 0-0 Bg4 8. Re1 Qd7 9. Nbd2 0-0-0 10. Nf1 f6 11. Ne3 h5 12. b4 Nf5 13. Nxf5 Bxf5 14. Qc2 Bxd3 15. Qxd3 g5 16. a4 h4 17. Be3 g4 18. Nd2 f5 19. Nb3 f4 20. Bxf4 Rdf8 21. Bxd6 cxd6 22. Re3 Qg7 23. Rae1 Qh6 24. Qe2 g3 25. fxg3 hxg3 26. h3 Rhg8 27. b5 Nd8 28. Nd2 Rf2 29. Qd3 Rh8 30. Nf3 Rxg2+ 0-1

[Event "Sitges Sunway 7th"]
[Site "Sitges"]
[Date "2020.12.14"]
[Round "2"]
[White "Ribera Veganzones, Serni"]
[Black "Boixader Arbo, Xavier"]
[Result "1-0"]
[WhiteElo "1926"]
[BlackElo "2091"]
[PlyCount "63"]
[EventDate "2020.12.13"]
[EventType "swiss"]
[EventRounds "10"]
[EventCountry "ESP"]
[SourceTitle "CBM 199 Extra"]
[Source "ChessBase"]
[SourceDate "2021.01.31"]
[SourceVersion "1"]
[SourceVersionDate "2021.01.31"]
[SourceQuality "1"]

1. e4 e6 2. d4 d5 3. Nd2 Nc6 4. Ngf3 Nf6 5. e5 Nd7 6. Nb3 a5 7. a4 Be7 8. Bf4 0-0 9. Bb5 f6 10. exf6 Bxf6 11. 0-0 Ne7 12. Re1 c6 13. Bd3 c5 14. dxc5 Bxb2 15. Bxh7+ Kh8 16. Ng5 Nf6 17. Rb1 Qe8 18. Bd3 Qxa4 19. Bd6 Bd4 20. Nxd4 Qxd4 21. Bxe7 Ng4 22. Bxf8 Qxf2+ 23. Kh1 Qf4 24. Bd6 Qxg5 25. Qf3 Bd7 26. Rf1 Nf6 27. Qh3+ Kg8 28. Rxf6 Qxf6 29. Qh7+ Kf7 30. Rf1 Qxf1+ 31. Bxf1 a4 32. Be5 1-0

[Event "ESP-ch 85th"]
[Site "Linares"]
[Date "2020.09.05"]
[Round "6"]
[White "Boixader Arbo, Xavier"]
[Black "Maldonado Mena, German"]
[Result "0-1"]
[WhiteElo "2149"]
[BlackElo "2014"]
[PlyCount "64"]
[EventDate "2020.08.31"]
[EventType "swiss"]
[EventRounds "9"]
[EventCountry "ESP"]
[SourceTitle "EXT 2021"]
[Source "ChessBase"]
[SourceDate "2020.10.23"]
[SourceVersion "1"]
[SourceVersionDate "2020.10.23"]
[SourceQuality "1"]

1. e4 c5 2. Nf3 g6 3. d4 cxd4 4. Qxd4 Nf6 5. e5 Nc6 6. Qa4 Nd5 7. Qe4 Nb6 8. Nc3 d5 9. exd6 Bf5 10. dxe7 Bxe7 11. Qe3 0-0 12. Bd2 Nb4 13. 0-0-0 Nxc2 14. Qh6 Qc8 15. Ng5 Bxg5 16. Bxg5 f6 17. Be3 Nb4 18. Rd4 Nxa2+ 19. Kd2 Nxc3 20. bxc3 Qe6 21. Be2 Qa2+ 22. Ke1 Rad8 23. g4 Qa1+ 24. Bd1 Qxc3+ 25. Kf1 Rxd4 26. Bxd4 Bd3+ 27. Kg2 Qxd4 28. Bb3+ Nc4 29. Kh3 Qe4 30. Rg1 Bf1+ 31. Kh4 g5+ 32. Kh5 Qe8+ 0-1

[Event "Platja d'Aro op-A 7th"]
[Site "Platja d'Aro"]
[Date "2019.06.29"]
[Round "7"]
[White "Boixader Arbo, Xavier"]
[Black "Trost, Edvin"]
[Result "1-0"]
[WhiteElo "2145"]
[BlackElo "2091"]
[PlyCount "101"]
[EventDate "2019.06.24"]
[EventType "swiss"]
[EventRounds "9"]
[EventCountry "ESP"]
[SourceTitle "CBM 191 Extra"]
[Source "ChessBase"]
[SourceDate "2019.09.30"]
[SourceVersion "1"]
[SourceVersionDate "2019.09.30"]
[SourceQuality "1"]

1. e4 c5 2. Nf3 e6 3. d3 Nc6 4. g3 d6 5. Bg2 Nf6 6. 0-0 Be7 7. Re1 0-0 8. c3 Bd7 9. d4 cxd4 10. cxd4 d5 11. e5 Ne4 12. Nbd2 Nxd2 13. Bxd2 Qb6 14. Bc3 Bb4 15. h4 Bxc3 16. bxc3 Qa5 17. Re3 Ne7 18. g4 Rac8 19. Qd2 Rc7 20. Ng5 h6 21. Nh3 Rfc8 22. Rc1 Qa4 23. Nf4 Nc6 24. Rce1 Na5 25. Rg3 Nc4 26. Qe2 g6 27. Bxd5 exd5 28. Nxd5 Bc6 29. Nxc7 Rxc7 30. e6 Bd5 31. e7 Qe8 32. f4 Be6 33. d5 Bxd5 34. Rd3 Rd7 35. f5 Nb6 36. Qe5 Bc6 37. Rxd7 Nxd7 38. Qd6 gxf5 39. gxf5 Kh7 40. Re3 Nb6 41. Rg3 Nd5 42. f6 Qd7 43. Rg7+ Kh8 44. Qxd7 Bxd7 45. Rxf7 b5 46. Rf8+ Kh7 47. f7 Nxe7 48. Rd8 Ng6 49. h5 Nf8 50. Rxf8 Kg7 51. Rd8 1-0

[Event "Platja d'Aro op-A 7th"]
[Site "Platja d'Aro"]
[Date "2019.06.27"]
[Round "4"]
[White "Arhan, Chethan Anand"]
[Black "Boixader Arbo, Xavier"]
[Result "1/2-1/2"]
[WhiteElo "1750"]
[BlackElo "2145"]
[PlyCount "28"]
[EventDate "2019.06.24"]
[EventType "swiss"]
[EventRounds "9"]
[EventCountry "ESP"]
[SourceTitle "CBM 191 Extra"]
[Source "ChessBase"]
[SourceDate "2019.09.30"]
[SourceVersion "1"]
[SourceVersionDate "2019.09.30"]
[SourceQuality "1"]

1. b3 d5 2. Bb2 Nc6 3. e3 e5 4. Bb5 Bd6 5. Nf3 Qe7 6. d4 e4 7. Ne5 Bxe5 8. dxe5 a6 9. Bxc6+ bxc6 10. 0-0 Qb4 11. f4 exf3 12. Qxf3 Nh6 13. Qf4 Qxf4 14. exf4 0-0 1/2-1/2

[Event "Platja d'Aro op-A 7th"]
[Site "Platja d'Aro"]
[Date "2019.06.26"]
[Round "3"]
[White "Boixader Arbo, Xavier"]
[Black "Garcia Busquets, Jordi"]
[Result "1/2-1/2"]
[WhiteElo "2145"]
[BlackElo "1952"]
[PlyCount "43"]
[EventDate "2019.06.24"]
[EventType "swiss"]
[EventRounds "9"]
[EventCountry "ESP"]
[SourceTitle "CBM 191 Extra"]
[Source "ChessBase"]
[SourceDate "2019.09.30"]
[SourceVersion "1"]
[SourceVersionDate "2019.09.30"]
[SourceQuality "1"]

1. e4 e6 2. d3 d5 3. Qe2 dxe4 4. dxe4 e5 5. Nf3 Nc6 6. c3 Nf6 7. Qc2 Bd6 8. Nbd2 0-0 9. Nc4 h6 10. h3 a5 11. Be3 Qe7 12. Be2 Bc5 13. a4 b6 14. 0-0 Ba6 15. Rfe1 Rfd8 16. Nh4 Bxe3 17. Nxe3 Bxe2 18. Rxe2 g6 19. Qb3 Kh7 20. Qc4 Qe6 21. Qxe6 fxe6 22. Nc4 1/2-1/2

[Event "Platja d'Aro op-A 7th"]
[Site "Platja d'Aro"]
[Date "2019.06.25"]
[Round "2"]
[White "Boixader Arbo, Xavier"]
[Black "Sturt, Raven M"]
[Result "0-1"]
[WhiteElo "2145"]
[BlackElo "2429"]
[PlyCount "44"]
[EventDate "2019.06.24"]
[EventType "swiss"]
[EventRounds "9"]
[EventCountry "ESP"]
[SourceTitle "CBM 191 Extra"]
[Source "ChessBase"]
[SourceDate "2019.09.30"]
[SourceVersion "1"]
[SourceVersionDate "2019.09.30"]
[SourceQuality "1"]

1. e4 d5 2. exd5 Qxd5 3. Nc3 Qd6 4. d4 Nf6 5. Nge2 c6 6. Bf4 Qd8 7. g3 g6 8. Bg2 Bg7 9. 0-0 0-0 10. Qd2 Bf5 11. Rad1 Qc8 12. Be5 Nbd7 13. h3 Rd8 14. f4 h5 15. Qc1 Bh6 16. b3 Ne8 17. Qa3 f6 18. d5 c5 19. d6 e6 20. Qb2 fxe5 21. fxe5 Bg7 22. Nf4 Nxe5 0-1

[Event "Catalunya-ch"]
[Site "Vila Seca"]
[Date "2019.04.21"]
[Round "7"]
[White "Jimenez Ruano, Adrian"]
[Black "Boixader Arbo, Xavier"]
[Result "1-0"]
[WhiteElo "2287"]
[BlackElo "2154"]
[PlyCount "75"]
[EventDate "2019.04.18"]
[EventType "swiss"]
[EventRounds "8"]
[EventCountry "ESP"]
[SourceTitle "CBM 189 Extra"]
[Source "ChessBase"]
[SourceDate "2019.06.03"]
[SourceVersion "1"]
[SourceVersionDate "2019.06.03"]
[SourceQuality "1"]

1. d4 Nf6 2. Nf3 c5 3. d5 g6 4. c4 d6 5. Nc3 Bg7 6. h3 e5 7. e4 a6 8. Bg5 Qe7 9. Qd2 h6 10. Be3 Nh5 11. Be2 Nd7 12. Rb1 Nhf6 13. a3 g5 14. Nh2 Nf8 15. Ng4 Ng6 16. Nxf6+ Qxf6 17. g3 Bd7 18. Qc2 Qd8 19. b4 b6 20. Bg4 Nf8 21. Kd2 h5 22. Bf5 Bf6 23. Rb2 Rc8 24. bxc5 bxc5 25. Bxd7+ Nxd7 26. Qa4 0-0 27. Rhb1 Kg7 28. Rb7 Nb8 29. Kd3 Kg6 30. Bd2 Bg7 31. g4 hxg4 32. hxg4 Qf6 33. Be3 Qf3 34. Ne2 Bf6 35. Qd1 Qh3 36. Ng3 Rh8 37. Qf3 Rcd8 38. Rh1 1-0

[Event "Catalunya-chT GpA final"]
[Site "Barcelona"]
[Date "2019.03.23"]
[Round "2.9"]
[White "Saurina Suner, Francesc Xavier"]
[Black "Boixader Arbo, Xavier"]
[Result "1-0"]
[WhiteElo "2028"]
[BlackElo "2150"]
[PlyCount "61"]
[EventDate "2019.03.16"]
[EventType "team-tourn"]
[EventRounds "3"]
[EventCountry "ESP"]
[SourceTitle "CBM 189 Extra"]
[Source "ChessBase"]
[SourceDate "2019.06.03"]
[SourceVersion "1"]
[SourceVersionDate "2019.06.03"]
[SourceQuality "1"]
[WhiteTeam "Gerunda"]
[BlackTeam "Barcelona Escacs CC"]
[WhiteTeamCountry "ESP"]
[BlackTeamCountry "ESP"]

1. e4 e6 2. d4 d5 3. Nc3 Nf6 4. Bg5 Be7 5. e5 Nfd7 6. h4 Nb6 7. Qg4 f6 8. Bf4 fxe5 9. dxe5 Rf8 10. Bd3 g6 11. Nf3 d4 12. Ne2 Nd5 13. Bh6 Bb4+ 14. Kf1 Rf5 15. h5 Ne7 16. hxg6 Nxg6 17. Bxf5 exf5 18. Qxd4 Nc6 19. Qc4 Nge7 20. Bg5 Qd5 21. Qxd5 Nxd5 22. Rxh7 Bf8 23. Rd1 Be6 24. c4 Nde7 25. b3 Ng6 26. Rxc7 Bc5 27. Rxb7 Ngxe5 28. Nxe5 Nxe5 29. Nf4 Bf7 30. Re1 Bd6 31. Nd3 1-0

[Event "Barcelona Sant Marti op-A 19th"]
[Site "Barcelona"]
[Date "2017.07.17"]
[Round "5"]
[White "Boixader Arbo, Xavier"]
[Black "Singhai, Niklesh Jain"]
[Result "1-0"]
[WhiteElo "2099"]
[BlackElo "1822"]
[PlyCount "103"]
[EventDate "2017.07.13"]
[EventType "swiss"]
[EventRounds "9"]
[EventCountry "ESP"]
[SourceTitle "EXT 2018"]
[Source "ChessBase"]
[SourceDate "2017.10.13"]
[SourceVersion "1"]
[SourceVersionDate "2017.10.13"]
[SourceQuality "1"]

1. e4 c5 2. Nf3 g6 3. d4 cxd4 4. Qxd4 Nf6 5. e5 Nc6 6. Qa4 Nd5 7. Qe4 Nc7 8. Nc3 Bg7 9. Bf4 0-0 10. 0-0-0 b5 11. h4 b4 12. Nd5 Nxd5 13. Qxd5 Qa5 14. Bb5 e6 15. Qc4 Rb8 16. Bxc6 dxc6 17. Kb1 Ba6 18. Qe4 c5 19. h5 Bb7 20. Qe3 Bd5 21. b3 Rb6 22. hxg6 fxg6 23. Bh6 Ra6 24. Bxg7 Qxa2+ 25. Kc1 Qa1+ 26. Kd2 Qc3+ 27. Qxc3 bxc3+ 28. Kxc3 Kxg7 29. Rh3 Rf4 30. Rh4 Bxf3 31. Rd7+ Rf7 32. Rxh7+ Kxh7 33. Rxf7+ Kh6 34. Rxf3 Kg5 35. Rf6 Rc6 36. Kc4 a6 37. f3 Kh5 38. g4+ Kg5 39. c3 Rb6 40. Kxc5 Rxb3 41. c4 a5 42. Rxe6 Rxf3 43. Ra6 a4 44. Rxa4 Kxg4 45. Ra6 Kg5 46. Ra8 Rf1 47. e6 Re1 48. Kd6 Rd1+ 49. Ke7 Rc1 50. Rc8 Kh4 51. Kf7 g5 52. e7 1-0

[Event "Barcelona Sant Marti op-A 19th"]
[Site "Barcelona"]
[Date "2017.07.13"]
[Round "1"]
[White "Boixader Arbo, Xavier"]
[Black "Hansen, Torbjorn Ringdal"]
[Result "1/2-1/2"]
[WhiteElo "2099"]
[BlackElo "2429"]
[PlyCount "61"]
[EventDate "2017.07.13"]
[EventType "swiss"]
[EventRounds "9"]
[EventCountry "ESP"]
[SourceTitle "EXT 2018"]
[Source "ChessBase"]
[SourceDate "2017.10.13"]
[SourceVersion "1"]
[SourceVersionDate "2017.10.13"]
[SourceQuality "1"]

1. e4 c6 2. d4 d5 3. Nc3 dxe4 4. Nxe4 Nf6 5. Nxf6+ exf6 6. c3 Bd6 7. Bd3 0-0 8. Ne2 Re8 9. Qc2 h5 10. Be3 Nd7 11. 0-0-0 Nf8 12. Kb1 Be6 13. c4 Rc8 14. Nc3 b5 15. c5 Be7 16. d5 cxd5 17. Bxb5 Bxc5 18. Bxe8 Qxe8 19. Qd2 Bb4 20. Bd4 Nd7 21. Ka1 Ne5 22. Qe2 Rc4 23. Bxe5 fxe5 24. Nxd5 Qb5 25. Qxe5 Rc5 26. Ne7+ Kh7 27. Qe4+ g6 28. Nxg6 Bf5 29. Nf8+ Kg8 30. Qf4 Rc8 31. Qg5+ 1/2-1/2

[Event "Platja d'Aro op 5th"]
[Site "Platja d'Aro"]
[Date "2017.06.26"]
[Round "2"]
[White "Boixader Arbo, Xavier"]
[Black "Chan, Naruna"]
[Result "1-0"]
[WhiteElo "2099"]
[BlackElo "2041"]
[PlyCount "39"]
[EventDate "2017.06.25"]
[EventType "swiss"]
[EventRounds "9"]
[EventCountry "ESP"]
[SourceTitle "EXT 2018"]
[Source "ChessBase"]
[SourceDate "2017.10.13"]
[SourceVersion "1"]
[SourceVersionDate "2017.10.13"]
[SourceQuality "1"]

1. e4 c5 2. Nf3 Nc6 3. Bb5 g6 4. Bxc6 bxc6 5. 0-0 Bg7 6. c3 Rb8 7. Re1 Nf6 8. d4 cxd4 9. cxd4 0-0 10. Nc3 d6 11. Qc2 Qb6 12. h3 Bd7 13. b3 Rfc8 14. Be3 Qa5 15. Rad1 Ne8 16. Qd2 Qh5 17. Nh2 f5 18. e5 Nc7 19. Ne2 Nd5 20. Ng3 1-0

[Event "Barcelona Sant Marti op-A 17th"]
[Site "Barcelona"]
[Date "2015.07.21"]
[Round "9"]
[White "Boixader Arbo, Xavier"]
[Black "Egorova, Ayyna"]
[Result "0-1"]
[WhiteElo "1755"]
[BlackElo "1901"]
[PlyCount "70"]
[EventDate "2015.07.13"]
[EventType "swiss"]
[EventRounds "9"]
[EventCountry "ESP"]
[SourceTitle "CBM 167 Extra"]
[Source "ChessBase"]
[SourceDate "2015.09.14"]
[SourceVersion "1"]
[SourceVersionDate "2015.09.14"]
[SourceQuality "1"]

1. e4 Nf6 2. Nc3 d5 3. exd5 Nxd5 4. Bc4 Nxc3 5. bxc3 g6 6. Nf3 Bg7 7. 0-0 0-0 8. h3 b6 9. d4 Bb7 10. Ne5 Nd7 11. f4 Nxe5 12. fxe5 c5 13. Be3 Qc7 14. Qe2 Rac8 15. e6 cxd4 16. exf7+ Kh8 17. Bxd4 e5 18. Be6 exd4 19. Bxc8 Qxc8 20. Rae1 Ba6 21. c4 Bxc4 22. Qe8 Qc5 23. Rf4 d3+ 24. Kh1 d2 25. Rd1 Bxf7 26. Qd7 Qxc2 27. Rdf1 Qxa2 28. Ra4 Qe6 29. Qxd2 a5 30. Ra3 Kg8 31. Rd3 Qc4 32. Rc1 Qb4 33. Qe3 a4 34. Rc7 Re8 35. Qf2 Qb1+ 0-1